000 00521nam a2200181 4500
001 138838
003 ES-MaACL
005 20230906195640.0
007 t|
008 070214s1958 sp r ||||1| spa d
100 1 _aSantos Torroella, Rafael.
_9103536
245 1 0 _aSalamanca /
_cRafael Santos Torroella.
250 _a1ª ed.
260 _aBarcelona :
_bNoguer,
_c1958.
300 _a44 p., 29 lám. ;
_c18 cm +
_e1 plan. pleg.
500 _aContiene además un suplemento.
852 _aES-MaACL
_jC-16692
_bR.45036
999 _c138838
_d138838